[Event "XIV Torneo Leonardo di Bona Magistrale"]
[Site "Cutro ITA"]
[Date "2008.04.26"]
[Round "4"]
[White "Kasparov, Sergey"]
[Black "Lazic, Miroljub"]
[Result "1/2-1/2"]
[WhiteElo "2480"]
[BlackElo "2539"]
[PlyCount "37"]
[EventDate "2008.04.23"]

1. e4 d6 2. d4 Nf6 3. Nc3 g6 4. g3 Bg7 5. Bg2 O-O 6. Nge2 e5 7. O-O c6 8. a4
Na6 9. h3 Nc7 10. f4 exd4 11. Nxd4 Re8 12. Re1 a5 13. Be3 d5 14. e5 Nd7 15. Bf2
f6 16. exf6 Rxe1+ 17. Qxe1 Nxf6 18. Rd1 Qf8 19. Kh2 1/2-1/2

[Event "XIV Torneo Leonardo di Bona Magistrale"]
[Site "Cutro ITA"]
[Date "2008.04.26"]
[Round "4"]
[White "Kragelj, Igor"]
[Black "Damia, Angelo"]
[Result "1/2-1/2"]
[WhiteElo "2207"]
[BlackElo "2302"]
[PlyCount "69"]
[EventDate "2008.04.23"]

1. d4 d6 2. Nf3 Bg4 3. c4 Bxf3 4. exf3 c6 5. Nc3 g6 6. Be3 Bg7 7. Be2 Nf6 8. d5
O-O 9. Qb3 Qc7 10. O-O Nbd7 11. Rac1 b6 12. dxc6 Qxc6 13. f4 Nc5 14. Qc2 Rac8
15. Bf3 Qd7 16. Qe2 h5 17. h3 Rfe8 18. Rfd1 a5 19. Kh2 Qe6 20. Nb5 Nfe4 21. Re1
Qf6 22. b3 e5 23. Qc2 d5 24. cxd5 Nd6 25. Nxd6 Qxd6 26. fxe5 Bxe5+ 27. Kg1 Kg7
28. Qd2 f6 29. Bh6+ Kh7 30. Be3 Kg7 31. Rc4 b5 32. Rc2 b4 33. Rd1 Bc3 34. Qe2
a4 35. bxa4 1/2-1/2

[Event "XIV Torneo Leonardo di Bona Magistrale"]
[Site "Cutro ITA"]
[Date "2008.04.26"]
[Round "4"]
[White "Naumkin, Igor"]
[Black "Brancaleoni, Maurizio"]
[Result "1/2-1/2"]
[WhiteElo "2494"]
[BlackElo "2207"]
[PlyCount "65"]
[EventDate "2008.04.23"]

1. d4 Nf6 2. c4 e6 3. Nf3 d5 4. Bg5 Be7 5. e3 O-O 6. Nc3 h6 7. Bh4 Ne4 8. Bxe7
Qxe7 9. Rc1 c6 10. Bd3 Nxc3 11. Rxc3 dxc4 12. Bxc4 Nd7 13. O-O b6 14. e4 Bb7
15. e5 Rfd8 16. Qe2 c5 17. Rd1 Rac8 18. h4 Nf8 19. Ba6 cxd4 20. Rxc8 Bxc8 21.
Bxc8 Rxc8 22. Rxd4 Rc1+ 23. Kh2 Qc7 24. Rd2 Ng6 25. Qe4 Rc4 26. Rd8+ Qxd8 27.
Qxc4 Qb8 28. Qe4 f5 29. Qc6 Kf7 30. Qd7+ Ne7 31. g3 Qa8 32. Nd4 Qd5 33. Qxd5
1/2-1/2

[Event "XIV Torneo Leonardo di Bona Magistrale"]
[Site "Cutro ITA"]
[Date "2008.04.26"]
[Round "4"]
[White "Solodovnichenko, Yuri"]
[Black "Maiorov, Nikita"]
[Result "0-1"]
[WhiteElo "2537"]
[BlackElo "2524"]
[PlyCount "92"]
[EventDate "2008.04.23"]

1. e4 e5 2. Nf3 Nc6 3. Bb5 a6 4. Ba4 Nf6 5. O-O Be7 6. Re1 d6 7. c3 Bg4 8. d3
Nd7 9. Be3 h6 10. Nbd2 Bg5 11. h3 Bh5 12. Nf1 Bxe3 13. Nxe3 O-O 14. b4 Nb6 15.
Bb3 a5 16. a3 axb4 17. g4 Bg6 18. axb4 Rxa1 19. Qxa1 Qf6 20. Nd2 Ra8 21. Qb2
Nd8 22. Ra1 Rb8 23. Rf1 Ne6 24. Bxe6 fxe6 25. Ng2 d5 26. f3 Rd8 27. Nb3 Na4 28.
Qa1 Be8 29. Rf2 Qe7 30. exd5 Rxd5 31. Ne1 b5 32. c4 bxc4 33. dxc4 Rd8 34. c5
Qg5 35. Re2 Rd5 36. Ng2 Rd3 37. h4 Qd8 38. Nc1 Nc3 39. Re1 Qd4+ 40. Kh2 Rxf3
41. Qa8 Rf8 42. Re3 Nd5 43. Rg3 Bb5 44. Qa3 Rf1 45. g5 Qg1+ 46. Kh3 Nf4+ 0-1

[Event "XIV Torneo Leonardo di Bona Magistrale"]
[Site "Cutro ITA"]
[Date "2008.04.27"]
[Round "5"]
[White "Brancaleoni, Maurizio"]
[Black "Kragelj, Igor"]
[Result "1/2-1/2"]
[WhiteElo "2207"]
[BlackElo "2207"]
[PlyCount "163"]
[EventDate "2008.04.23"]

1. Nf3 Nf6 2. c4 c5 3. Nc3 Nc6 4. d4 cxd4 5. Nxd4 e6 6. Ndb5 d5 7. Bf4 e5 8.
cxd5 exf4 9. dxc6 bxc6 10. Qxd8+ Kxd8 11. Rd1+ Bd7 12. Nd6 Bxd6 13. Rxd6 Rb8
14. Rd2 Re8 15. g3 f3 16. Kd1 fxe2+ 17. Bxe2 Kc7 18. Re1 Be6 19. Bf3 Bg4 20.
Bxg4 Nxg4 21. Rxe8 Rxe8 22. h3 Nf6 23. Rd4 h5 24. Ra4 Kb6 25. Rf4 Re7 26. Kd2
Kc7 27. Kd3 Kd6 28. Rd4+ Kc7 29. Ra4 Kb6 30. Rf4 Kc7 31. Rf5 Rd7+ 32. Ke3 Re7+
33. Kf3 Kd6 34. Ra5 Rb7 35. b3 g6 36. Ne4+ Nxe4 37. Kxe4 Re7+ 38. Kf4 f6 39. h4
Rb7 40. f3 Rb4+ 41. Ke3 Rb7 42. Ke4 Rb4+ 43. Kd3 Rb7 44. Ke3 Ke6 45. Kf2 Kd6
46. g4 hxg4 47. fxg4 Rh7 48. Kg3 Ke6 49. Rc5 Kd6 50. Rc2 Kd7 51. Re2 Rh8 52.
Re4 Rh7 53. Re3 Rh8 54. Re1 Rh7 55. Re4 Rg7 56. Rd4+ Ke6 57. Rd8 Ke5 58. Rc8
Kd5 59. Rf8 Ke5 60. Rc8 Kd5 61. Re8 Kd6 62. g5 fxg5 63. hxg5 Kd5 64. Rd8+ Ke5
65. Kg4 Ke6 66. Rf8 Ke5 67. Rf6 Kd5 68. Kf4 a5 69. Rf8 Re7 70. Ra8 Re4+ 71. Kf3
Rb4 72. Rxa5+ Kd6 73. Ra8 Rb5 74. Kf4 Rb4+ 75. Kf3 Rb5 76. Kg4 Rb4+ 77. Kg3 Rb5
78. Kg4 Rb4+ 79. Kh3 Rb5 80. Kh4 Rb4+ 81. Kh3 Rb5 82. Kg4 1/2-1/2

[Event "XIV Torneo Leonardo di Bona Magistrale"]
[Site "Cutro ITA"]
[Date "2008.04.27"]
[Round "5"]
[White "Damia, Angelo"]
[Black "Blasco, Domenico"]
[Result "1-0"]
[WhiteElo "2302"]
[BlackElo "2025"]
[PlyCount "113"]
[EventDate "2008.04.23"]

1. d4 g6 2. e4 Bg7 3. Nc3 d6 4. Bc4 a6 5. a4 b6 6. Bg5 Nf6 7. e5 dxe5 8. Qf3 e4
9. Nxe4 Ra7 10. Nxf6+ exf6 11. Be3 O-O 12. O-O-O Bb7 13. Qg3 Bd5 14. Be2 Nd7
15. c4 Bc6 16. a5 Ba4 17. Rd3 bxa5 18. b3 Bc6 19. d5 Ne5 20. Bxa7 Nxd3+ 21.
Qxd3 Bd7 22. Nf3 Qe7 23. Kb2 a4 24. Bd1 Ra8 25. Qe3 Qb4 26. Bc5 Qb7 27. Ka3 Rb8
28. Bc2 Re8 29. Qd2 a5 30. Re1 Rb8 31. Rb1 Qa6 32. Qf4 axb3 33. Rxb3 Rxb3+ 34.
Bxb3 a4 35. Ba2 Qa5 36. Bb4 Bf8 37. Qd2 Bxb4+ 38. Qxb4 Qa7 39. c5 Qa6 40. Bc4
Qa7 41. Nd4 Qa8 42. c6 Bc8 43. Qxa4 Qb8 44. Nb5 Bf5 45. Qa7 Qf8+ 46. Ka4 Qe7
47. Qxc7 Qc5 48. Ka5 Qxc4 49. Qxf7+ Kxf7 50. Nd6+ Ke7 51. Nxc4 Kd8 52. f3 Kc7
53. Kb5 h5 54. d6+ Kd8 55. Nb6 g5 56. c7+ Ke8 57. Kc5 1-0

[Event "XIV Torneo Leonardo di Bona Magistrale"]
[Site "Cutro ITA"]
[Date "2008.04.27"]
[Round "5"]
[White "Gladyszev, Oleg"]
[Black "Naumkin, Igor"]
[Result "0-1"]
[WhiteElo "2497"]
[BlackElo "2494"]
[PlyCount "74"]
[EventDate "2008.04.23"]

1. d4 Nf6 2. c4 e6 3. Nc3 Bb4 4. Qc2 O-O 5. a3 Bxc3+ 6. Qxc3 b6 7. Bg5 Bb7 8.
e3 h6 9. Bh4 d6 10. Ne2 Nbd7 11. Qc2 c5 12. Rd1 Qe7 13. Nc3 cxd4 14. Rxd4 Ne5
15. Bxf6 Qxf6 16. Rxd6 Rfd8 17. Nb5 Rxd6 18. Nxd6 Bc6 19. Nb5 Ng4 20. Nd4 Be4
21. Qe2 Ne5 22. f3 Nd3+ 23. Kd1 Bg6 24. Qd2 Nc5 25. Qc3 Rd8 26. Kc1 e5 27. Nc2
Qd6 28. Be2 Qd2+ 29. Qxd2 Nb3+ 30. Kb1 Rxd2 31. Bd1 Bd3 32. e4 Rxg2 33. Ka2
Rxc2 34. Bxc2 Bxc2 35. Re1 a5 36. Re3 a4 37. Rc3 Bd3 0-1

[Event "XIV Torneo Leonardo di Bona Magistrale"]
[Site "Cutro ITA"]
[Date "2008.04.27"]
[Round "5"]
[White "Lazic, Miroljub"]
[Black "Dobrev, Nanko"]
[Result "1/2-1/2"]
[WhiteElo "2539"]
[BlackElo "2402"]
[PlyCount "39"]
[EventDate "2008.04.23"]

1. e4 e5 2. Nf3 Nc6 3. Bc4 Bc5 4. c3 Nf6 5. d3 a6 6. O-O d6 7. Bb3 Ba7 8. Nbd2
O-O 9. h3 Ne7 10. Re1 Ng6 11. Nf1 Nh5 12. Bg5 Qe8 13. Nxe5 Nxe5 14. d4 Nf6 15.
dxe5 Qxe5 16. Be3 Bxe3 17. Rxe3 Bd7 18. Nd2 Rae8 19. Qc2 Bb5 20. Bc4 1/2-1/2

[Event "XIV Torneo Leonardo di Bona Magistrale"]
[Site "Cutro ITA"]
[Date "2008.04.27"]
[Round "5"]
[White "Maiorov, Nikita"]
[Black "Kasparov, Sergey"]
[Result "1/2-1/2"]
[WhiteElo "2524"]
[BlackElo "2480"]
[PlyCount "109"]
[EventDate "2008.04.23"]

1. d4 Nf6 2. c4 c5 3. d5 b5 4. cxb5 a6 5. bxa6 g6 6. Nc3 Bxa6 7. Nf3 d6 8. g3
Bg7 9. Bg2 Nbd7 10. Rb1 O-O 11. O-O Ne8 12. Re1 Nc7 13. a4 Rb8 14. Bf4 Rxb2 15.
Rxb2 Bxc3 16. Rd2 f6 17. Bh6 Re8 18. e4 Qb8 19. Qc2 Bxd2 20. Bxd2 Qa7 21. h4
Rb8 22. Bc3 Bc8 23. h5 Nf8 24. Ra1 Na6 25. hxg6 hxg6 26. Qc1 Qd7 27. a5 Qg4 28.
Nd2 Nh7 29. Qe1 Nb4 30. Bxb4 cxb4 31. a6 Ra8 32. a7 Qd7 33. Qe3 Qc7 34. Nb3 Nf8
35. Bf1 Bd7 36. Kg2 Be8 37. Ra6 Nd7 38. Ra1 Qb6 39. Qxb6 Nxb6 40. Nd4 Ba4 41.
Rb1 Rxa7 42. Rxb4 Nd7 43. Nc6 Bxc6 44. dxc6 Nc5 45. Rb8+ Kg7 46. Rc8 Ne6 47.
Bc4 Nc7 48. f4 f5 49. Rg8+ Kh6 50. Rh8+ Kg7 51. Rg8+ Kh6 52. Rh8+ Kg7 53. Rg8+
Kh6 54. Bf7 fxe4 55. Bxg6 1/2-1/2

[Event "XIV Torneo Leonardo di Bona Magistrale"]
[Site "Cutro ITA"]
[Date "2008.04.27"]
[Round "5"]
[White "Meijers, Viesturs"]
[Black "Solodovnichenko, Yuri"]
[Result "1-0"]
[WhiteElo "2510"]
[BlackElo "2537"]
[PlyCount "75"]
[EventDate "2008.04.23"]

1. d4 d5 2. Nf3 c6 3. e3 Bf5 4. Bd3 Bg6 5. Qe2 e6 6. Nbd2 Nd7 7. e4 dxe4 8.
Nxe4 Ngf6 9. Bg5 Be7 10. Nxf6+ Nxf6 11. Bxg6 hxg6 12. O-O-O Qd5 13. Kb1 Qe4 14.
Qf1 Qf5 15. h4 Bd6 16. Re1 Ne4 17. Bc1 Qg4 18. Ne5 Bxe5 19. dxe5 Nc5 20. Bg5 a5
21. Rh3 a4 22. a3 b6 23. Rc3 Ra5 24. Rc4 Qh5 25. g4 Qh7 26. Qg2 O-O 27. Qxc6
Rb8 28. Rd1 Raa8 29. Rcd4 f6 30. exf6 gxf6 31. Bxf6 Qf7 32. g5 Qb7 33. Qb5 Qf3
34. Be5 Rb7 35. Rd8+ Kh7 36. Ka2 Rf7 37. Qe8 Rf8 38. R1d7+ 1-0

[Event "XIV Torneo Leonardo di Bona Magistrale"]
[Site "Cutro ITA"]
[Date "2008.04.27"]
[Round "5"]
[White "Mrdja, Milan"]
[Black "Andonov, Bogomil"]
[Result "1-0"]
[WhiteElo "2360"]
[BlackElo "2334"]
[PlyCount "97"]
[EventDate "2008.04.23"]

1. e4 c5 2. Nf3 e6 3. b3 Nc6 4. Bb2 d6 5. d4 cxd4 6. Nxd4 Nxd4 7. Qxd4 Bd7 8.
Nc3 Nf6 9. O-O-O a6 10. f4 Qc7 11. e5 dxe5 12. fxe5 Bc5 13. Qf4 O-O-O 14. Qg3
Nh5 15. Qg5 g6 16. Ne4 h6 17. Qd2 Bc6 18. Nd6+ Kb8 19. b4 Ba7 20. Bd3 g5 21.
Rhf1 Nf4 22. g3 Nxd3+ 23. Qxd3 g4 24. Rf6 Bf3 25. Rd2 Qb6 26. Bd4 Qxb4 27.
Bxa7+ Kxa7 28. Qe3+ Ka8 29. Rd3 Rd7 30. Rf4 Qa5 31. Ra3 Qc7 32. Rc3 Qa5 33. Rc5
b5 34. Kb2 Rb8 35. a3 f5 36. Rb4 Qb6 37. Qc3 Bd5 38. a4 Qa5 39. axb5 axb5 40.
Rc8 Rd8 41. Rc5 Rb6 42. Kc1 h5 43. Nxb5 Kb8 44. Nc7 Qxb4 45. Na6+ Rxa6 46.
Qxb4+ Ka7 47. Qd4 Ka8 48. c4 Ra4 49. Qc3 1-0

[Event "XIV Torneo Leonardo di Bona Magistrale"]
[Site "Cutro ITA"]
[Date "2008.04.27"]
[Round "5"]
[White "Stromboli, Carlo"]
[Black "Bentivegna, Francesco"]
[Result "1/2-1/2"]
[WhiteElo "2266"]
[BlackElo "2361"]
[PlyCount "25"]
[EventDate "2008.04.23"]

1. e4 c5 2. Nf3 Nf6 3. Nc3 d5 4. exd5 Nxd5 5. Bb5+ Bd7 6. Ne5 Bxb5 7. Qf3 f6 8.
Nxb5 Na6 9. Qh5+ g6 10. Nxg6 hxg6 11. Qxh8 Qd7 12. Qh4 e5 13. O-O 1/2-1/2

[Event "XIV Torneo Leonardo di Bona Magistrale"]
[Site "Cutro ITA"]
[Date "2008.04.27"]
[Round "5"]
[White "Stromboli, Ettore"]
[Black "Cordi', Domenico"]
[Result "0-1"]
[WhiteElo "2329"]
[BlackElo "2047"]
[PlyCount "86"]
[EventDate "2008.04.23"]

1. e4 c5 2. Nf3 e6 3. d4 cxd4 4. Nxd4 a6 5. c4 Nc6 6. Be3 Nf6 7. Nc3 Bb4 8. Bd3
Bxc3+ 9. bxc3 d6 10. Nxc6 bxc6 11. e5 dxe5 12. Bc5 e4 13. Bc2 Qxd1+ 14. Rxd1 a5
15. Ba4 Bd7 16. Ke2 h5 17. Rd2 h4 18. Rhd1 Rh5 19. Bd4 e5 20. Bc5 Rc8 21. Rb1
e3 22. Bxe3 Ne4 23. Rd3 f5 24. f3 Nf6 25. Rb6 f4 26. Bf2 h3 27. g3 e4 28. fxe4
Re5 29. gxf4 Rxe4+ 30. Re3 Rxe3+ 31. Bxe3 Bg4+ 32. Kd3 Bf3 33. f5 Rd8+ 34. Kc2
Bd1+ 35. Kc1 Bxa4 36. Rb7 Ng4 37. Bc5 Rd1+ 38. Kb2 Nxh2 39. Rxg7 Ng4 40. Rg8+
Kf7 41. Rf8+ Kg7 42. Ra8 h2 43. Ra7+ Kf6 0-1

[Event "XIV Torneo Leonardo di Bona Magistrale"]
[Site "Cutro ITA"]
[Date "2008.04.28"]
[Round "6"]
[White "Abatino, Maurizio"]
[Black "Codenotti, Marco"]
[Result "1/2-1/2"]
[WhiteElo "2168"]
[BlackElo "2063"]
[PlyCount "82"]
[EventDate "2008.04.23"]

1. d4 Nf6 2. c4 g6 3. Nc3 Bg7 4. e4 d6 5. h3 O-O 6. Nf3 e5 7. dxe5 dxe5 8. Qxd8
Rxd8 9. Bg5 c6 10. Nxe5 Re8 11. O-O-O Nxe4 12. Nxe4 Bxe5 13. Nf6+ Bxf6 14. Bxf6
Bf5 15. f3 Nd7 16. Bc3 a5 17. g4 Be6 18. Rh2 Nb6 19. b3 a4 20. Rhd2 axb3 21.
axb3 Ra3 22. Kb2 Raa8 23. Bf6 h6 24. h4 Kf8 25. Rd4 Kg8 26. Bh3 Rac8 27. Bf1
Ra8 28. R4d2 Kf8 29. Bd3 Nd7 30. Bd4 Kg8 31. Bc2 Re7 32. Bc3 Kf8 33. h5 g5 34.
Be4 Rae8 35. Bb4 c5 36. Bc3 Nb6 37. Ba5 Nd7 38. Bxb7 Ne5 39. Be4 Bxc4 40. Bc3
Ba6 41. Rd6 Be2 1/2-1/2

[Event "XIV Torneo Leonardo di Bona Magistrale"]
[Site "Cutro ITA"]
[Date "2008.04.28"]
[Round "6"]
[White "Andonov, Bogomil"]
[Black "Brancaleoni, Maurizio"]
[Result "1/2-1/2"]
[WhiteElo "2334"]
[BlackElo "2207"]
[PlyCount "68"]
[EventDate "2008.04.23"]

1. Nf3 c5 2. c4 g6 3. d4 Bg7 4. e4 Qa5+ 5. Nc3 d6 6. Rb1 Nf6 7. Bd2 cxd4 8.
Nxd4 O-O 9. Be2 Nc6 10. b4 Qd8 11. Nc2 e6 12. O-O d5 13. exd5 exd5 14. Nxd5
Nxd5 15. cxd5 Qxd5 16. b5 Nd4 17. Nxd4 Qxd4 18. Bf3 Be6 19. Bb4 Rfd8 20. Bxb7
Bxa2 21. Qxd4 Bxd4 22. Rbc1 Rab8 23. Ba5 Re8 24. Bc6 Re2 25. Rfd1 Bb6 26. Bxb6
Rxb6 27. Rd8+ Kg7 28. Ra8 Bc4 29. Rxa7 Bxb5 30. Bd5 Be8 31. h3 Rd2 32. Ra5 Rb5
33. Rxb5 Bxb5 34. Rc5 Bd7 1/2-1/2

[Event "XIV Torneo Leonardo di Bona Magistrale"]
[Site "Cutro ITA"]
[Date "2008.04.28"]
[Round "6"]
[White "Blasco, Domenico"]
[Black "Stromboli, Ettore"]
[Result "0-1"]
[WhiteElo "2025"]
[BlackElo "2329"]
[PlyCount "58"]
[EventDate "2008.04.23"]

1. d4 Nf6 2. Nf3 b6 3. e3 Bb7 4. Bd3 e6 5. Nbd2 c5 6. c3 Nc6 7. O-O Be7 8. a3
O-O 9. b4 d5 10. Bb2 Bd6 11. e4 e5 12. b5 Na5 13. dxe5 dxe4 14. exf6 exd3 15.
fxg7 Re8 16. c4 Qc7 17. Re1 Bf4 18. Rxe8+ Rxe8 19. a4 Bxf3 20. Nxf3 Nxc4 21.
Bc3 Qd7 22. g3 Be5 23. Nxe5 Nxe5 24. f4 Ng4 25. Qf3 Ne3 26. Ra2 Qd5 27. Qf2 Nd1
28. Qd2 Re2 29. Qxd1 Qg2# 0-1

[Event "XIV Torneo Leonardo di Bona Magistrale"]
[Site "Cutro ITA"]
[Date "2008.04.28"]
[Round "6"]
[White "Cordi', Domenico"]
[Black "Kasparova, Tatiana"]
[Result "0-1"]
[WhiteElo "2047"]
[BlackElo "2147"]
[PlyCount "63"]
[EventDate "2008.04.23"]

1. e4 c6 2. d4 d5 3. Nc3 dxe4 4. Nxe4 Bf5 5. Ng3 Bg6 6. Nf3 Nd7 7. Bd3 Bxd3 8.
Qxd3 e6 9. O-O Ngf6 10. c4 Be7 11. Bd2 O-O 12. Bc3 Qb6 13. Rfd1 a5 14. Rab1 Bb4
15. c5 Qc7 16. a3 Bxc3 17. bxc3 Rfd8 18. Ne4 Nxe4 19. Qxe4 h6 20. Re1 b6 21.
cxb6 Nxb6 22. Ne5 Nd5 23. Qf3 Rac8 24. c4 Nf6 25. Red1 Rd6 26. c5 Rd5 27. Rb6
Rxd4 28. Rxc6 Rxd1+ 29. Qxd1 Rd8 30. Rd6 Rb8 31. Nd3 Ne4 32. h3 0-1

[Event "XIV Torneo Leonardo di Bona Magistrale"]
[Site "Cutro ITA"]
[Date "2008.04.28"]
[Round "6"]
[White "Dobrev, Nanko"]
[Black "Kasparov, Sergey"]
[Result "1-0"]
[WhiteElo "2402"]
[BlackElo "2480"]
[PlyCount "63"]
[EventDate "2008.04.23"]

1. d4 Nf6 2. Nf3 c5 3. e3 cxd4 4. exd4 d5 5. c3 Nc6 6. Bd3 Bg4 7. O-O Qc7 8.
Re1 e6 9. Nbd2 Bd6 10. Nf1 Bh5 11. Bg5 Bg6 12. Ng3 Bxd3 13. Qxd3 Bxg3 14. hxg3
Ne4 15. Bf4 Qd7 16. Ne5 Nxe5 17. dxe5 Rc8 18. Rad1 Nc5 19. Qe2 O-O 20. Rd4 b5
21. Bg5 Kh8 22. Qf3 Qb7 23. Rh4 f6 24. exf6 g6 25. Bh6 Rf7 26. Bg7+ Kg8 27. Qg4
Rxg7 28. fxg7 Qf7 29. Qh3 h5 30. Rf4 Qd7 31. g4 Qc7 32. Rf8+ 1-0

[Event "XIV Torneo Leonardo di Bona Magistrale"]
[Site "Cutro ITA"]
[Date "2008.04.28"]
[Round "6"]
[White "Kragelj, Igor"]
[Black "Van Hoolandt, Patrick"]
[Result "1-0"]
[WhiteElo "2207"]
[BlackElo "2183"]
[PlyCount "93"]
[EventDate "2008.04.23"]

1. d4 Nf6 2. c4 e6 3. Nf3 Bb4+ 4. Bd2 a5 5. g3 d5 6. Qc2 c5 7. cxd5 cxd4 8.
Nxd4 O-O 9. Bg2 exd5 10. O-O Qb6 11. e3 Nc6 12. Nxc6 bxc6 13. Rc1 Bd7 14. Bc3
Be7 15. Bd4 c5 16. Bxf6 Bxf6 17. Nc3 Bxc3 18. bxc3 Bc6 19. Rab1 Qc7 20. Rd1
Rfd8 21. Rd2 Rd6 22. Rbd1 Qd7 23. Qb2 Ba4 24. Rxd5 Bxd1 25. Rxd6 Qxd6 26. Bxa8
h5 27. c4 Qd3 28. Bd5 Be2 29. h4 Qd1+ 30. Kh2 Bf3 31. Bxf3 Qxf3 32. Qb8+ Kh7
33. Qf4 Qb7 34. e4 a4 35. Qf5+ Kg8 36. Qxc5 Qb2 37. a3 g6 38. Kg2 Kg7 39. Kh2
Qc3 40. Kg2 Qb2 41. Qe3 Qb3 42. Qd4+ Kh7 43. c5 Qxa3 44. c6 Qb3 45. Qd5 Kg7 46.
c7 Qc2 47. Qb7 1-0

[Event "XIV Torneo Leonardo di Bona Magistrale"]
[Site "Cutro ITA"]
[Date "2008.04.28"]
[Round "6"]
[White "Maiorov, Nikita"]
[Black "Meijers, Viesturs"]
[Result "1/2-1/2"]
[WhiteElo "2524"]
[BlackElo "2510"]
[PlyCount "104"]
[EventDate "2008.04.23"]

1. d4 e6 2. c4 b6 3. Nc3 Bb4 4. Bd2 Nf6 5. a3 Bxc3 6. Bxc3 Ne4 7. Qc2 Bb7 8.
Nf3 d6 9. g3 Nd7 10. Bg2 Nxc3 11. Qxc3 O-O 12. O-O f5 13. Rfe1 Qe7 14. Rad1 a5
15. Nd2 Bxg2 16. Kxg2 e5 17. dxe5 Nxe5 18. f4 Ng4 19. e4 Rae8 20. Qd4 Nf6 21.
e5 dxe5 22. fxe5 Ng4 23. Nf3 Rd8 24. Qf4 Rxd1 25. Rxd1 Qc5 26. Rd2 Ne3+ 27. Kh3
a4 28. e6 Ng4 29. Rd5 Qe3 30. Qxe3 Nxe3 31. Rd7 Re8 32. Rxc7 h6 33. Nd4 g5 34.
c5 bxc5 35. Rxc5 Kh7 36. Nxf5 Nxf5 37. Rxf5 Rxe6 38. Rb5 Kg6 39. Rb4 Re2 40. g4
Rd2 41. Rxa4 Rd3+ 42. Kg2 Rd2+ 43. Kg3 Rd3+ 44. Kf2 Rd2+ 45. Ke3 Rxb2 46. Ra6+
Kg7 47. Ra7+ Kg6 48. a4 Rxh2 49. a5 Rg2 50. Kf3 Ra2 51. a6 Ra3+ 52. Kg2 h5
1/2-1/2

[Event "XIV Torneo Leonardo di Bona Magistrale"]
[Site "Cutro ITA"]
[Date "2008.04.28"]
[Round "6"]
[White "Mrdja, Milan"]
[Black "Lazic, Miroljub"]
[Result "0-1"]
[WhiteElo "2360"]
[BlackElo "2539"]
[PlyCount "50"]
[EventDate "2008.04.23"]

1. e4 e5 2. Bc4 Nc6 3. Nf3 Bc5 4. O-O d6 5. c3 Qf6 6. h3 h6 7. b4 Bb6 8. a4 a5
9. b5 Nce7 10. d4 Ng6 11. Be3 N8e7 12. Re1 O-O 13. Nbd2 Nf4 14. Kh2 Neg6 15.
Bf1 Re8 16. Nc4 exd4 17. Nxb6 dxe3 18. Nxa8 exf2 19. Re3 Nd5 20. Qxd5 Qf4+ 21.
Kh1 Qxe3 22. Nxc7 Qxc3 23. Rd1 Qxc7 24. Qxd6 Qc2 25. Rd4 Qb1 0-1

[Event "XIV Torneo Leonardo di Bona Magistrale"]
[Site "Cutro ITA"]
[Date "2008.04.28"]
[Round "6"]
[White "Naumkin, Igor"]
[Black "Salvador, Roland"]
[Result "1-0"]
[WhiteElo "2494"]
[BlackElo "2450"]
[PlyCount "139"]
[EventDate "2008.04.23"]

1. d4 Nf6 2. c4 e6 3. Nf3 c5 4. d5 b5 5. Bg5 exd5 6. cxd5 d6 7. e4 a6 8. a4 Be7
9. Bxf6 Bxf6 10. axb5 Bxb2 11. Ra2 Bf6 12. Be2 O-O 13. O-O Bb7 14. Nbd2 axb5
15. Rxa8 Bxa8 16. Bxb5 Bb7 17. Qa4 Qe7 18. Qa7 Ba6 19. Qxe7 Bxe7 20. Rb1 Bxb5
21. Rxb5 Na6 22. Rb7 Re8 23. g4 Nb4 24. Nc4 Bf8 25. Nfd2 Nd3 26. Kg2 g6 27. g5
Rd8 28. Kg3 h6 29. h4 hxg5 30. hxg5 Ra8 31. f4 Rd8 32. Kf3 Bg7 33. Rb6 Bf8 34.
Nf1 Re8 35. Nfd2 Rd8 36. Nb1 Ne1+ 37. Kf2 Nd3+ 38. Ke3 Nb4 39. Nc3 Nc2+ 40. Kd3
Nd4 41. Na5 Ra8 42. Nc6 Nf3 43. Ke3 Nh4 44. Rb8 Ng2+ 45. Kf3 Ne1+ 46. Ke2 Rxb8
47. Nxb8 Ng2 48. Kf3 Ne1+ 49. Kf2 Nd3+ 50. Ke3 Nb2 51. Nd7 Be7 52. Nb5 Kg7 53.
Nb6 Kf8 54. Nc8 Nc4+ 55. Kd3 Nb2+ 56. Kc3 Nd1+ 57. Kd2 Nf2 58. Ncxd6 f6 59.
gxf6 Bxf6 60. e5 Bg7 61. Nc7 Bh6 62. Ke3 Nd1+ 63. Kf3 Nc3 64. Ne4 Na4 65. Ne6+
Kf7 66. N4xc5 Nb6 67. Ke4 Bf8 68. d6 Bh6 69. Nc7 Bf8 70. e6+ 1-0

[Event "XIV Torneo Leonardo di Bona Magistrale"]
[Site "Cutro ITA"]
[Date "2008.04.28"]
[Round "6"]
[White "Solodovnichenko, Yuri"]
[Black "Bentivegna, Francesco"]
[Result "1-0"]
[WhiteElo "2537"]
[BlackElo "2361"]
[PlyCount "85"]
[EventDate "2008.04.23"]

1. e4 d5 2. exd5 Nf6 3. c4 e6 4. dxe6 Bxe6 5. Be2 c5 6. Nf3 Nc6 7. d3 Be7 8.
O-O O-O 9. Nbd2 Qd7 10. Nb3 Rac8 11. Be3 b6 12. Rc1 Rfd8 13. d4 cxd4 14. Nbxd4
Nxd4 15. Nxd4 Bc5 16. Nb5 Bxe3 17. fxe3 Qe7 18. Qe1 Bd7 19. Bf3 Rxc4 20. Nxa7
Rxc1 21. Qxc1 Be8 22. Nc6 Bxc6 23. Qxc6 Qxe3+ 24. Kh1 h6 25. h3 Re8 26. a3 Re6
27. Qc8+ Re8 28. Qc4 Qd2 29. Qc1 Qd4 30. Rd1 Qh4 31. Kh2 Qf2 32. Qd2 Qc5 33.
Qd4 Qxd4 34. Rxd4 Kf8 35. a4 Ke7 36. Rb4 Nd7 37. Re4+ Kd8 38. Rxe8+ Kxe8 39.
Bc6 Kd8 40. Bxd7 Kxd7 41. Kg3 Kd6 42. b4 Kd5 43. Kf4 1-0

[Event "XIV Torneo Leonardo di Bona Magistrale"]
[Site "Cutro ITA"]
[Date "2008.04.28"]
[Round "6"]
[White "Stromboli, Carlo"]
[Black "Damia, Angelo"]
[Result "1/2-1/2"]
[WhiteElo "2266"]
[BlackElo "2302"]
[PlyCount "22"]
[EventDate "2008.04.23"]

1. e4 c6 2. Nc3 d5 3. d4 dxe4 4. Bc4 Nf6 5. Bb3 Bf5 6. Nge2 e6 7. Ng3 Bg6 8.
O-O Be7 9. Nce2 Nbd7 10. h4 Nh5 11. Qe1 Bxh4 1/2-1/2

[Event "XIV Torneo Leonardo di Bona Magistrale"]
[Site "Cutro ITA"]
[Date "2008.04.29"]
[Round "7"]
[White "Bentivegna, Francesco"]
[Black "Abatino, Maurizio"]
[Result "1/2-1/2"]
[WhiteElo "2361"]
[BlackElo "2168"]
[PlyCount "92"]
[EventDate "2008.04.23"]

1. c4 e6 2. Nc3 Bb4 3. e4 Ne7 4. Qc2 b6 5. d4 Bb7 6. Bd3 Nbc6 7. Nf3 Ng6 8. a3
Bxc3+ 9. Qxc3 Qe7 10. h4 f6 11. h5 Nf8 12. Be3 d6 13. c5 dxc5 14. dxc5 Nd7 15.
Bb5 bxc5 16. Rc1 O-O 17. Bxc6 Bxc6 18. Nd2 Rfc8 19. Bxc5 Nxc5 20. Qxc5 Qxc5 21.
Rxc5 Bd7 22. Rh3 Kf7 23. Rhc3 c6 24. f4 Ke7 25. b4 Rcb8 26. Nb3 Rb6 27. Nd4 a5
28. Rxa5 Rxa5 29. bxa5 Ra6 30. Nb3 Be8 31. h6 gxh6 32. e5 fxe5 33. fxe5 Bg6 34.
Kd2 h5 35. g3 Bf5 36. Nd4 Be4 37. Rc5 Kd7 38. Ke3 Bd5 39. Ne2 Ra8 40. Nf4 Rf8
41. a6 Ra8 42. Nd3 Kc7 43. Nb4 Kb6 44. Rc3 Rg8 45. Ke2 Rg5 46. a7 Kxa7 1/2-1/2

[Event "XIV Torneo Leonardo di Bona Magistrale"]
[Site "Cutro ITA"]
[Date "2008.04.29"]
[Round "7"]
[White "Brancaleoni, Maurizio"]
[Black "Stromboli, Carlo"]
[Result "1/2-1/2"]
[WhiteElo "2207"]
[BlackElo "2266"]
[PlyCount "87"]
[EventDate "2008.04.23"]

1. g3 Nf6 2. c4 e6 3. Bg2 d5 4. Nf3 Nbd7 5. d4 c6 6. Qc2 Bd6 7. O-O O-O 8. Bf4
Qc7 9. Bxd6 Qxd6 10. Nbd2 e5 11. cxd5 cxd5 12. dxe5 Nxe5 13. Rac1 Be6 14. Nxe5
Qxe5 15. Nf3 Qe4 16. Ng5 Qe5 17. Nf3 Qe4 18. Ng5 Qe5 19. Nxe6 fxe6 20. e3 Qh5
21. Qd1 Qxd1 22. Rfxd1 Rac8 23. h3 Kf7 24. Kf1 Ke7 25. Ke2 Kd6 26. f4 Rxc1 27.
Rxc1 Rf7 28. Kd3 e5 29. Rc8 Re7 30. g4 Re8 31. fxe5+ Rxe5 32. Rd8+ Kc7 33. Rf8
Re7 34. Kd4 h6 35. Bxd5 Nxd5 36. Kxd5 Rxe3 37. h4 Re7 38. a4 Kb6 39. b4 a5 40.
b5 Rd7+ 41. Kc4 Rc7+ 42. Kd5 Rd7+ 43. Kc4 Rc7+ 44. Kd5 1/2-1/2

[Event "XIV Torneo Leonardo di Bona Magistrale"]
[Site "Cutro ITA"]
[Date "2008.04.29"]
[Round "7"]
[White "Codenotti, Marco"]
[Black "Stromboli, Ettore"]
[Result "0-1"]
[WhiteElo "2063"]
[BlackElo "2329"]
[PlyCount "70"]
[EventDate "2008.04.23"]

1. e4 e6 2. d4 d5 3. Nc3 Bb4 4. e5 c5 5. a3 Bxc3+ 6. bxc3 Ne7 7. Qg4 Qc7 8.
Qxg7 Rg8 9. Qxh7 cxd4 10. Ne2 Nbc6 11. f4 Bd7 12. Qd3 dxc3 13. Nxc3 a6 14. Ne2
Na7 15. Nd4 Nb5 16. Bb2 Rc8 17. h4 Nxd4 18. Bxd4 Bb5 19. Qb3 Bxf1 20. Kxf1 Rg4
21. g3 Nf5 22. Bf2 Qxc2 23. Qxc2 Rxc2 24. Rh3 b5 25. Kg2 Kf8 26. Kf3 Rg8 27. a4
b4 28. Rb1 a5 29. Bb6 Rc3+ 30. Kf2 Nxg3 31. Ke1 Ne4 32. Rxc3 bxc3 33. Ke2 Rg2+
34. Kd3 Rd2+ 35. Ke3 Rb2 0-1